Anagramas - Marcas con pistas #1 - Estadísticas

Estadísticas generales
  • Esta prueba ha sido intentada 447 veces
    435 desde el último reinicio
  • La puntuación promedio es 13 de 17
Estadísticas de respuestas
Pista Anagrama Marca % Correcto
Ropa knie nike
100%
Ropa apg gap
97%
Ropa diaasd adidas
96%
Tecnologia ph hp
94%
Teconlogía gl lg
94%
Ropa ilfa fila
90%
Consolas bxxo xbox
88%
Moviles msugnas samsung
85%
Motos amhyaa yamaha
85%
Ropa ndaorj jordan
79%
Consolas yaalotnipsit playstation
71%
Tecnología evnloo lenovo
69%
Web hbrnpou pornhub
58%
Ropa nbetonet benetton
53%
Ropa nca aebwle new balance
52%
Coches nsato tnirma aston martin
38%
Ropa kkeeed kedeke
17%
No se encontraron pruebas coincidentes
Distribución de puntuación
Porcentaje de gente con cada puntuación
Porcentaje por número respondido
Historial de tus puntuaciones
No has intentado esta prueba desde el último reinicio